| 000 | 00943cam a22002771 4500 | ||
|---|---|---|---|
| 001 | gs 52000052 | ||
| 003 | DLC | ||
| 005 | 20260227111358.0 | ||
| 008 | 890927s1950 dk ab b 000 0 eng c | ||
| 010 | _ags 52000052 | ||
| 035 | _a(OCoLC)20404780 | ||
| 040 |
_aU.S. Geol. Survey. Libr. _cCU _dCU _dDLC |
||
| 042 | _apremarc | ||
| 050 | 0 | 0 |
_aQE278 _b.A14 2. raekke, nr. 76 |
| 051 |
_aQE278 _b.H3 _cCopy 2. |
||
| 082 | _a554.89 | ||
| 100 | 1 |
_aHansen, Kaj _c(Geologist) |
|
| 245 | 0 | 4 | _aThe geology and bottom deposits of Lake Tystrup Sø, Zealand. |
| 260 |
_aKøbenhavn, _bI kommission hos C.A. Reitzel, _c1950. |
||
| 300 |
_a562 p. _billus., maps (1 fold. in pocket) _c26 cm. |
||
| 490 | 1 |
_aDanmarks geologiske undersøgelse, 2. række, _vnr. 76 |
|
| 504 | _aBibliography: p. 51-52. | ||
| 650 | 0 |
_aGeology _zDenmark _zSjaelland. |
|
| 651 | 0 | _aTystrup Sø. | |
| 810 | 2 |
_aDanmarks geologiske undersøgelse. _t[Skrifter]. _p2. række ; _vnr. 76. |
|
| 999 |
_c28614 _d28614 |
||